| 000 | 00852nam a22002177a 4500 | ||
|---|---|---|---|
| 999 |
_c2329 _d2329 |
||
| 003 | AR-CdUCM | ||
| 008 | 190304b ||||| |||| 00| 0 spa d | ||
| 040 |
_aMUNICIPALIDAD PROVINCIAL DEL CUSCO _cBIBLIOTECA MUNICIPAL DEL CUSCO |
||
| 082 |
_23ed. _a335.4 / _bR96 |
||
| 100 |
_aRuszkowski, Andrés _98392 |
||
| 245 | _aEl comunismo / | ||
| 260 |
_aBarcelona : _bHerder, _c1965. |
||
| 300 |
_a241 paginas ; _c22 cm. |
||
| 505 | _aEstructura social según el marxismo leninismo -- Evolución social según el marxismo leninismo -- Fechas importantes de la historia del partido comunista Ruso -- Periodicidad de las asambleas dentro del partido comunista Ruso ... | ||
| 650 |
_aComunismo _9495 |
||
| 650 |
_aComunismo y ciencia _98393 |
||
| 650 |
_aComunismo e Iglesia Católica _98394 |
||
| 650 |
_aHistoria _9136 |
||
| 942 |
_2ddc _cLIBROS |
||
| 945 | _aacv | ||